[Event "Online Friendship U12"]
[Site "Tornelo INT"]
[Date "2020.11.21"]
[Round "6.5"]
[White "Kozhedub, Ivan"]
[Black "Pantev, Kaloyan"]
[Result "1/2-1/2"]
[WhiteElo "1222"]
[BlackElo "1095"]
[PlyCount "94"]
[EventDate "2020.11.21"]
[EventType "team-swiss"]
[EventRounds "7"]
[EventCountry "BLR"]
[SourceTitle "CBM 199 Extra"]
[Source "ChessBase"]
[SourceDate "2021.01.31"]
[SourceVersion "1"]
[SourceVersionDate "2021.01.31"]
[SourceQuality "1"]
[WhiteTeam "Belarus Gomel"]
[BlackTeam "Bulgaria"]
[WhiteTeamCountry "BLR"]
[BlackTeamCountry "BUL"]

1. e4 c5 2. Nc3 e6 3. g3 a6 4. Bg2 Nc6 5. Nge2 b5 6. 0-0 Bb7 7. d3 Be7 8. f4 d6 9. h3 Qc7 10. f5 e5 11. g4 Nd4 12. Nxd4 cxd4 13. Ne2 Rc8 14. c3 dxc3 15. bxc3 Nf6 16. Bb2 a5 17. Ng3 b4 18. cxb4 Qb6+ 19. Kh1 Qxb4 20. Rb1 Qc5 21. Rc1 Qa7 22. Rxc8+ Bxc8 23. g5 Nd7 24. h4 h6 25. Qh5 Ba6 26. Rc1 Qf2 27. Ne2 Qb6 28. Ba3 Qb7 29. g6 f6 30. Qf3 Qb6 31. Nc3 Bb7 32. h5 Bd8 33. Qe2 Ke7 34. Rb1 Qc7 35. Nb5 Qb6 36. Qc2 Nc5 37. Nxd6 Kxd6 38. Rxb6+ Bxb6 39. Qb2 Kc6 40. d4 exd4 41. e5+ Kc7 42. Bxc5 Bxc5 43. Qxb7+ Kd8 44. Qd5+ Ke7 45. Qb7+ Kd8 46. Qa8+ Kc7 47. Qb7+ Kd8 1/2-1/2

[Event "Online Friendship U12"]
[Site "Tornelo INT"]
[Date "2020.11.21"]
[Round "4.5"]
[White "Pantev, Kaloyan"]
[Black "Dasiuk, Roman"]
[Result "1-0"]
[WhiteElo "1095"]
[BlackElo "1314"]
[PlyCount "141"]
[EventDate "2020.11.21"]
[EventType "team-swiss"]
[EventRounds "7"]
[EventCountry "BLR"]
[SourceTitle "CBM 199 Extra"]
[Source "ChessBase"]
[SourceDate "2021.01.31"]
[SourceVersion "1"]
[SourceVersionDate "2021.01.31"]
[SourceQuality "1"]
[WhiteTeam "Bulgaria"]
[BlackTeam "Belarus Vitebsk"]
[WhiteTeamCountry "BUL"]
[BlackTeamCountry "BLR"]

1. d4 d5 2. c4 e6 3. Nc3 Nf6 4. cxd5 exd5 5. Bg5 Be6 6. e3 h6 7. Bf4 Bd6 8. Bxd6 Qxd6 9. Bd3 0-0 10. Nf3 Nc6 11. Qc2 Nb4 12. Qd2 Nxd3+ 13. Qxd3 c6 14. 0-0 Rfe8 15. a3 Rad8 16. Rfc1 Qd7 17. Ne5 Qc8 18. Na4 Bf5 19. Qb3 Ng4 20. Nxg4 Bxg4 21. Nc5 b6 22. Nd3 Re6 23. Ne5 Rf6 24. Qa4 c5 25. Qxa7 Qf5 26. f3 Bh5 27. g4 cxd4 28. gxf5 dxe3 29. Ng4 Rxf5 30. Qxb6 Re8 31. Kg2 Rg5 32. h3 f5 33. Re1 fxg4 34. hxg4 Bxg4 35. fxg4 Rxg4+ 36. Kf3 Ree4 37. Rxe3 Ref4+ 38. Ke2 d4 39. Rf3 Rg2+ 40. Kd3 Rxf3+ 41. Kxd4 Rg4+ 42. Ke5 Rg5+ 43. Ke4 Rf6 44. Qd8+ Kh7 45. Rd1 Re6+ 46. Kf4 Rf6+ 47. Ke4 Re6+ 48. Kd4 Rgg6 49. Kc3 Rg3+ 50. Rd3 Rc6+ 51. Kb3 Rg2 52. Ka2 Rcc2 53. Qb8 h5 54. Rh3 Kh6 55. Qb6+ Rg6 56. Qb3 Rcg2 57. Qe3+ R2g5 58. Qf3 Rf6 59. Qe2 g6 60. Qe7 Rgf5 61. Rb3 Kg5 62. Rg3+ Kh6 63. Qe3+ g5 64. Qe8 Rf8 65. Qe6+ R8f6 66. Qg8 Rf8 67. Qe6+ R8f6 68. Qe2 h4 69. Rg4 Rf2 70. Qe3 Kh5 71. Qxg5# 1-0

[Event "Online Friendship U12"]
[Site "Tornelo INT"]
[Date "2020.11.21"]
[Round "2.5"]
[White "Pantev, Kaloyan"]
[Black "Gurevich, Michele"]
[Result "1/2-1/2"]
[WhiteElo "1095"]
[BlackElo "1104"]
[PlyCount "99"]
[EventDate "2020.11.21"]
[EventType "team-swiss"]
[EventRounds "7"]
[EventCountry "BLR"]
[SourceTitle "CBM 199 Extra"]
[Source "ChessBase"]
[SourceDate "2021.01.31"]
[SourceVersion "1"]
[SourceVersionDate "2021.01.31"]
[SourceQuality "1"]
[WhiteTeam "Bulgaria"]
[BlackTeam "Czech Interchess Academy"]
[WhiteTeamCountry "BUL"]
[BlackTeamCountry "CZE"]

1. b4 e5 2. Bb2 d6 3. e3 Nf6 4. c4 a6 5. Nc3 Be7 6. Nf3 0-0 7. Be2 c5 8. bxc5 dxc5 9. 0-0 Nc6 10. Qc2 Bg4 11. h3 Bh5 12. Nh2 Bg6 13. d3 Nb4 14. Qb3 Qc7 15. Rfd1 Rad8 16. a3 Nxd3 17. Bxd3 Bxd3 18. Nf3 Bg6 19. Ne2 Rd7 20. Nxe5 Rxd1+ 21. Rxd1 Rd8 22. Rxd8+ Qxd8 23. Nxg6 hxg6 24. Kh2 Ne4 25. Qxb7 Bd6+ 26. f4 g5 27. Qxe4 gxf4 28. exf4 Qb6 29. Bc3 Qc7 30. Be5 Qe7 31. Qa8+ Kh7 32. Bxd6 Qxd6 33. Qe4+ g6 34. Ng3 f5 35. Qe5 Qxe5 36. fxe5 Kg7 37. Kg1 Kf7 38. Nf1 Ke6 39. Nd2 Kxe5 40. Kf2 Kd4 41. Ke2 f4 42. Kf2 Kd3 43. Ke1 Ke3 44. Nb1 Kd4 45. Nd2 Kd3 46. Kd1 Kc3 47. Kc1 Kd3 48. Kd1 Ke3 49. Ke1 Kd3 50. Kd1 1/2-1/2

[Event "Online Friendship U12"]
[Site "Tornelo INT"]
[Date "2020.11.21"]
[Round "3.5"]
[White "Zhang, Haoze"]
[Black "Pantev, Kaloyan"]
[Result "0-1"]
[WhiteElo "1441"]
[BlackElo "1095"]
[PlyCount "94"]
[EventDate "2020.11.21"]
[EventType "team-swiss"]
[EventRounds "7"]
[EventCountry "BLR"]
[SourceTitle "CBM 199 Extra"]
[Source "ChessBase"]
[SourceDate "2021.01.31"]
[SourceVersion "1"]
[SourceVersionDate "2021.01.31"]
[SourceQuality "1"]
[WhiteTeam "China"]
[BlackTeam "Bulgaria"]
[WhiteTeamCountry "CHN"]
[BlackTeamCountry "BUL"]

1. e4 c5 2. c3 g6 3. d4 cxd4 4. cxd4 d5 5. e5 Nc6 6. Nf3 Bg7 7. Nc3 Bg4 8. Be2 e6 9. 0-0 Nge7 10. h3 Bxf3 11. Bxf3 Nf5 12. Ne2 0-0 13. b3 Qb6 14. Bb2 a5 15. Rc1 a4 16. g4 Nfe7 17. Bg2 axb3 18. axb3 Ra2 19. Bc3 Ra3 20. Rb1 Rfa8 21. Qd3 Rxb3 22. Rxb3 Qxb3 23. Rb1 Qa4 24. Ra1 Qxa1+ 25. Bxa1 Rxa1+ 26. Kh2 Ra4 27. f4 f6 28. Qe3 fxe5 29. fxe5 b5 30. Bf1 Rb4 31. Qc3 Rc4 32. Qe3 Rb4 33. Kg2 Rc4 34. Kf2 Rb4 35. Qd3 Rc4 36. Qd2 Rb4 37. Qe3 Rc4 38. Qa3 Rb4 39. Bg2 Kf7 40. Qe3 Rc4 41. Qf4+ Kg8 42. Kg3 Bxe5 43. dxe5 Rxf4 44. Kxf4 Kf7 45. Kg5 Nxe5 46. Kh6 Kg8 47. Nf4 Nf7# 0-1